| 000 | 00526nam a22001337a 4500 | ||
|---|---|---|---|
| 005 | 20241015095344.0 | ||
| 008 | 241015b |||||||| |||| 00| 0 eng d | ||
| 100 |
_aChildress, Traci. _962942 |
||
| 245 |
_aPutting relationships frst : _busing principles from Reggio Emilia to be responsive to our students / _cTraci Childress. |
||
| 260 |
_aWashington; _bTaylor & Francis Group, _cNovember-December 2020. |
||
| 300 |
_aVolume 96, pages 46-53, _billustration. |
||
| 700 |
_aChildress, Traci. _eauthor. _962943 |
||
| 942 |
_2ddc _cPER |
||
| 999 |
_c22558 _d22558 |
||